000 00749nam a2200205 i 4500
001 138253
003 ES-MaACL
005 20250519152253.0
007 t|
008 070214s1913 sp |||| | spa d
100 1 _aSánchez Torres, Enrique.
_9102958
245 1 3 _aEl Parsifal de Wagner
_b: su espíritu, su técnica, su estética /
_cpor Enrique Sánchez Torres.
260 _aMadrid :
_b[s. n.],
_c1913 (
_fJuan Pérez Torres)
300 _a32 p. ;
_c17 cm.
530 _aDisponible en formato digital.
600 1 4 _aWagner, Richard,
_d1813-1883
_9240522
852 _aES-MaACL
_jT-1459-F-5
_z.- Ded. ms. del autor
856 _uhttp://bdh-rd.bne.es/viewer.vm?id=0000091623&page=1
_zBiblioteca Digital Hispánica
999 _c138253
_d138253